000 00394nam a2200157Ia 4500
008 230917s9999||||xx |||||||||||||| ||und||
040 _e200516
_aMAIN
041 _aEnglish
082 _a200 H594R(2)
100 _aHinnells, J R
245 0 _aRoutledge companion to the study of religion
250 _a2nd ed.
260 _aLondon
_bRoutledge
_c2010
300 _avii, 610 p.
942 _cBK
999 _c170437
_d170437